000
00320nam a22001337a 4500
008
210303b ||||| |||| 00| 0 eng d
020
_a
9780078035500
041
_a
eng
080
_2
7th
_a
316
100
_a
50
101
_a
SOC
245
_a
A topical Approach to Life-Span Development
_c
Santrock,W.J
942
_2
udc
_c
BK
999
_c
55705
_d
55705